MARC details
| 000 -LEADER |
| fixed length control field |
02060nam a22002537a 4500 |
| 003 - CONTROL NUMBER IDENTIFIER |
| control field |
OSt |
| 005 - DATE AND TIME OF LATEST TRANSACTION |
| control field |
20260511123846.0 |
| 008 - FIXED-LENGTH DATA ELEMENTS--GENERAL INFORMATION |
| fixed length control field |
260511b |||||||| |||| 00| 0 eng d |
| 020 ## - INTERNATIONAL STANDARD BOOK NUMBER |
| International Standard Book Number |
9781138921726 |
| 040 ## - CATALOGING SOURCE |
| Original cataloging agency |
Kenya National Library Service |
| 082 ## - DEWEY DECIMAL CLASSIFICATION NUMBER |
| Classification number |
910.9142 ISL |
| 245 ## - TITLE STATEMENT |
| Title |
Island geographies : |
| Remainder of title |
essays and conversations / |
| Statement of responsibility, etc. |
edited by Elaine Stratford. |
| 300 ## - PHYSICAL DESCRIPTION |
| Extent |
xiii, 198 pages : |
| Other physical details |
illustrations, |
| Dimensions |
24 cm. |
| 490 ## - SERIES STATEMENT |
| Series statement |
Routledge Studies in Human Geography |
| 504 ## - BIBLIOGRAPHY, ETC. NOTE |
| Bibliography, etc. note |
Includes bibliographical references and index. |
| 520 ## - SUMMARY, ETC. |
| Summary, etc. |
Islands and their environs - aerial, terrestrial, aquatic - may be understood as intensifiers, their particular and distinctive geographies enabling concentrated study of many kinds of challenges and opportunities. This edited collection brings together several emerging and established academics with expertise in island studies, as well as interest in geopolitics, governance, adaptive capacity, justice, equity, self-determination, environmental care and protection, and land management. Individually and together, their perspectives provide theoretically useful, empirically grounded evidence of the contributions human geographers can make to knowledge and understanding of island places and the place of islands. Nine chapters engage with the themes, issues, and ideas that characterise the borderlands between island studies and human geography and allied fields, and are contributed by authors for whom matters of place, space, environment, and scale are key, and for whom islands hold an abiding fascination. The penultimate chapter is rather more experimental - a conversation among these authors and the editor - while the last chapter offers timely reflections upon island geographies' past and future, penned by the first named professor of island geography, Stephen Royle. |
| 650 ## - SUBJECT ADDED ENTRY--TOPICAL TERM |
| Topical term or geographic name entry element |
Geography. |
| 650 ## - SUBJECT ADDED ENTRY--TOPICAL TERM |
| Topical term or geographic name entry element |
Human geography. |
| 650 ## - SUBJECT ADDED ENTRY--TOPICAL TERM |
| Topical term or geographic name entry element |
Travel |
| 700 ## - ADDED ENTRY--PERSONAL NAME |
| Personal name |
Stratford, Elaine |
| Relator term |
Editor |
| 942 ## - ADDED ENTRY ELEMENTS (KOHA) |
| Source of classification or shelving scheme |
Dewey Decimal Classification |
| Koha item type |
Books |
| Suppress in OPAC |
No |